000 00470nam a2200181Ia 4500
003 GCL
008 140319s9999 xx 000 0 eng d
040 _aGCL /
_cGCL
082 0 4 _a537
_bG S
100 1 _aGUPTA,L.C
245 1 0 _aSELECTED TOPICS IN MAGNETISM /
_cGUPTA,L.C
700 1 _aMULTANI, M.S
260 _a[S.N] :
_bWORLD SCIENTIFIC ،
_c1992
300 _a441
650 0 4 _aHIGH TEMPERATURE SUPER CONDUCT
650 0 4 _aSUPER CONDUCTIVITY
942 _2ddc
_cBK
999 _c16518
_d16518